Statystyki dla Rozpoznaj cesarza rzymskiego po opisie

Kliknij tutaj aby rozwiązać quiz!

Ogólne statystyki

  • Ten quiz został rozwiązany 277 razy
  • Średni wynik to 8 z 21

Statystyki odpowiedzi

Opiscesarz rzymski% Poprawnych
Cesarz znany z powieści polskiego noblisty.Neron
91%
Pierwszy cesarz Imperium rzymskiego, zwany princepsem.Oktawian August
86%
Cesarz z dynastii Antoninów, jego imieniem została nazwana pewna fortyfikacja.Hadrian
65%
Za jego panowania wydano edykt mediolański i rozpoczęto sobór w Nicei, święty kościoła prawosławnego.Konstantyn Wielki
52%
Nazywany ostatnim wielkim zdobywcą imperium, wzniósł słynną kolumnę opisującą jego wojny.Trajan
46%
Znany także jako filozof, za jego panowania wybuchła epidemia dżumy.Marek Aureliusz
43%
Wprowadził ustrój zwany dominatem, podzielił imperium na cztery części (tetrarchia).Dioklecjan
41%
Cesarz o tym samym imieniu co bohater polskiego komiksu :) .Tytus
38%
Cesarz z dynastii julijsko-klaudyjskiej, zdobywca Brytanii i Mauretanii.Klaudiusz
37%
Ostatni cesarz cesarstwa zachodniorzymskiego, w rzeczywistości całkowicie zależny od Odoakra.Romulus Augustulus
36%
Ostatni cesarz rządzący całym imperium, ustanowił chrześcijaństwo jako religię państwową i dokonał trwałego podziału cesarstwa na 2 części.Teodozjusz Wielki
35%
Cesarz, często kojarzony ze strojem lwa, zginął z rąk gladiatora.Kommodus
34%
,,Flawiusz'', znany z powiedzenia ,,Pecunia non olet". Jeden z 4 cesarzy z 69 r n.e.Wespazjan
27%
Ostatni cesarz, który chciał przywrócić pogańskie wierzenia w cesarstwie rzymskim.Julian Apostata
24%
Cesarz z dynastii Sewerów, pokonał królestwo Partów i ustanowił nową prowincje - Mezopotamię.Septymiusz Sewer
24%
Wydał edykt, w którym każdy mieszkaniec imperium rzymskiego otrzymał obywatelstwo rzymskie.Karakalla
22%
Cesarz z dynastii walentyniańskiej, zginął w bitwie pod Adrianopolem.Walens
17%
Następca poprzedniego, otrzymał zachodnią część imperium.Honoriusz
16%
Został wzięty do niewoli przez perskiego króla Szapura I.Walerian
16%
Inicjator budowy muru wokół Rzymu, dokonał ostatecznej rozprawy z cesarstwem Palmyry.Aurelian
15%
Znany z radykalnych prześladowań chrześcijan, zginął podczas walk z Gotami.Decjusz
9%

Rozkład punktacji

Percentyl według liczby udzielonych odpowiedzi

Procent ludzi z każdym wynikiem

Twoja historia wyników

Nie rozwiązałeś tego quizu